|
|
|
|
| LEADER |
01626nam a22003734a 4500 |
| 001 |
EBC290677 |
| 003 |
MiAaPQ |
| 005 |
20200520144314.0 |
| 006 |
m o d | |
| 007 |
cr cn||||||||| |
| 008 |
050222s2005 enk sb 001 0 eng |
| 010 |
|
|
|z 2005004516
|
| 020 |
|
|
|z 1843102080 (pbk.)
|
| 035 |
|
|
|a (MiAaPQ)EBC290677
|
| 035 |
|
|
|a (Au-PeEL)EBL290677
|
| 035 |
|
|
|a (CaPaEBR)ebr10096194
|
| 035 |
|
|
|a (CaONFJC)MIL26178
|
| 035 |
|
|
|a (OCoLC)232157356
|
| 040 |
|
|
|a MiAaPQ
|c MiAaPQ
|d MiAaPQ
|
| 050 |
|
4 |
|a HD7255
|b .S485 2005
|
| 082 |
0 |
4 |
|a 650.1/087
|2 22
|
| 100 |
1 |
|
|a Shah, Sonali,
|d 1973-
|
| 245 |
1 |
0 |
|a Career success of disabled high-flyers
|h [electronic resource] /
|c Sonali Shah.
|
| 260 |
|
|
|a London ;
|a Philadelphia :
|b J. Kingsley,
|c 2005.
|
| 300 |
|
|
|a 208 p.
|
| 500 |
|
|
|a Based on author's thesis (doctoral).
|
| 504 |
|
|
|a Includes bibliographical references (p. 187-200) and indexes.
|
| 505 |
0 |
|
|a Career success of disabled high-flyers -- The role of disabled people in the workplace -- Meanings of success for high-flyers -- Childhood -- Education -- Individual personality and motivation -- Career choice and experiences -- A portrait of the disabled high-flyer.
|
| 533 |
|
|
|a Electronic reproduction. Ann Arbor, MI : ProQuest, 2015. Available via World Wide Web. Access may be limited to ProQuest affiliated libraries.
|
| 650 |
|
0 |
|a People with disabilities
|x Employment.
|
| 650 |
|
0 |
|a People with disabilities
|x Vocational guidance.
|
| 655 |
|
4 |
|a Electronic books.
|
| 710 |
2 |
|
|a ProQuest (Firm)
|
| 856 |
4 |
0 |
|u https://ebookcentral.proquest.com/lib/matrademy/detail.action?docID=290677
|z Click to View
|